James Bond in the cinema /

Bibliographic Details
Main Author: Brosnan, John
Format: Book
Language:English
Published: San Diego, Calif. : London : A.S. Barnes ; Tantivy Press, [1981]
Edition:2nd ed.
Subjects:

MARC

Tag First Indicator Second Indicator Subfields
LEADER 00000pam a2200000 a 4500
001 in00000631021
005 20151015054916.0
008 801029s1981 caua 00010 engm
010 |a  80026573  
020 |a 0498025462 
035 |a (OCoLC)06942345 
035 |9 ACU9739AM 
040 |a DLC  |c DLC  |d m.c.  |d TXA  |d UtOrBLW 
049 |a TXAM  |c [1671616] 
050 0 0 |a PN1995.9.J3  |b B7 1981 
082 0 |a 791.43/75  |2 19 
100 1 |a Brosnan, John. 
245 1 0 |a James Bond in the cinema /  |c John Brosnan. 
250 |a 2nd ed. 
264 1 |a San Diego, Calif. :  |b A.S. Barnes ;  |a London :  |b Tantivy Press,  |c [1981] 
264 4 |c ©1981 
300 |a ix, 309 pages :  |b illustrations ;  |c 21 cm. 
336 |a text  |b txt  |2 rdacontent 
337 |a unmediated  |b n  |2 rdamedia 
338 |a volume  |b nc  |2 rdacarrier 
650 0 |a James Bond films  |x History and criticism. 
600 0 |a Bond, James  |c (Fictitious character) 
999 |a MARS 
999 f f |s 5be97c58-35de-3d60-ab89-09d6107eae96  |i 17c2be2f-b33f-345d-aed1-a2e2b383e654  |t 0 
952 f f |p normal  |a Texas A&M University  |b College Station  |c Sterling C. Evans Library  |d Evans: Library Stacks  |t 0  |e PN1995.9.J3 B7 1981  |h Library of Congress classification  |i unmediated -- volume  |m A14803689915 
998 f f |a PN1995.9.J3 B7 1981  |t 0  |l Evans: Library Stacks